000
00315nam a2200133Ia 4500
005
20260328101527.0
008
260328s9999||||xx |||||||||||||| ||und||
100
_a
Kahn, Lloyd
245
0
_a
Tiny Homes :
_b
Simple shelters /
_c
Lloyd Kahn
260
_b
Shelter
300
_a
214 p.
650
_a
VIVIENDA
942
_c
BK
999
_c
9833
_d
9833